La carta = La lettre /
Salvato in:
| Autore principale: | |
|---|---|
| Altri autori: | , , , , , , |
| Natura: | |
| Lingua: | francese |
| Pubblicazione: |
Portugal : París, Francia :
Madragoa Filmes ; Gémini Films,
1999, c1999
|
| Soggetti: | |
| Tags: |
Nessun Tag, puoi essere il primo ad aggiungerne!!
|
MARC
| LEADER | 00000ngm^a2200000^a^4500 | ||
|---|---|---|---|
| 001 | 000187350 | ||
| 005 | 20250521000000.0 | ||
| 009 | 20260310102258.143 | ||
| 037 | |a Acervo ITESO - Biblioteca | ||
| 041 | |a FRA | ||
| 082 | |a 869. |b OLI | ||
| 100 | |a Oliveira, Manoel de |e (realización) | ||
| 240 | 1 | 4 | |a [La princesa de Clèves] |
| 240 | 1 | 4 | |a [La princesa de Clèves. Adaptaciones] |
| 240 | 1 | 4 | |a [La carta, de Manoel de Oliveira] |
| 245 | 1 | 3 | |a La carta = |b La lettre / |c Realización de M. de Oliveira. |
| 264 | 4 | |a Portugal : |b Madragoa Filmes ; |a París, Francia : |b Gémini Films, |c 1999, c1999 | |
| 264 | 2 | |a México : |b Séptimo Arte [distribución], |c 2004, c2004 | |
| 300 | |a 1 DVD regiones 1 y 4 (109 min.) : |b color | ||
| 336 | |a imagen móvil bidimensional |b tdi |2 rdacontenido | ||
| 337 | |a video |b v |2 rdamedio | ||
| 338 | |a videodisco |b vd |2 rdasoporte | ||
| 500 | |a Basado en: La princesa de Clèves, de Madame de La Fayette | ||
| 546 | |a En francés y portugués, con subtítulos opcionales: español | ||
| 649 | |a XX | ||
| 650 | |a Mujeres en el Cine | ||
| 650 | |a Dramas Cinematográficos | ||
| 650 | |a Cine en Francés - |z Portugal | ||
| 650 | |a Cine Portugués - |y 1990-1999 | ||
| 650 | |a Cine Portugués - |y Siglo XX | ||
| 650 | |a Cine en Francés - |z Portugal | ||
| 650 | |a Novela Francesa - |x Adaptaciones para Cine | ||
| 650 | |a Literatura Francesa - |y Siglo XVII - |x Adaptaciones para Cine | ||
| 650 | |a Literatura y Cine | ||
| 650 | |a Infidelidad | ||
| 650 | |a Amor | ||
| 650 | |a Relaciones Intergénero | ||
| 650 | |a Relaciones de Pareja | ||
| 700 | |a Oliveira, Manoel de |e (guión) | ||
| 700 | |a Machuel, Emmanuel |e (fotógrafo) | ||
| 700 | |a Shrewsbury, Judy |e (vestuario) | ||
| 700 | |a Loiseleux, Valérie |e (montaje) | ||
| 700 | |a Mastroianni, Chiara |e (actuación) | ||
| 700 | |a Abrunhosa, Pedro |e (actuación) | ||
| 700 | |a Chappey, Antoine |e (actuación) | ||
| 910 | |a Fondo General | ||
| 920 | |a Audiovisuales - DVDs | ||
| 940 | |a Películas | ||
| 905 | |a 302 | ||
| 901 | |a 0500088871 |b IT2 |c DVS |u 20250521 | ||
| 902 | |a https://opac.biblio.iteso.mx/vufind/Record/000187350 | ||